ბათუმის შოთა რუსთაველის სახელმწიფო უნივერსიტეტის ბიბლიოთეკა

როგორ შევადგინოთ პედაგოგიური ტესტები / (ბიბ.ჩანაწერი № 37516)

000 -ლიდერი
ფიქსირებული სიგრძის საკონტროლო ველი 01653nam a2200289Ia 4500
001 - საკონტროლო ნომერი
საკონტროლო ველი 3480
003 - საკონტროლო ნომრის იდენტიფიკატორი
საკონტროლო ველი GE_BSU
005 - ბოლო ოპერაციის თარიღი და დრო
საკონტროლო ველი 20190620211656.0
008 - ფიქსირებული სიგრძის მონაცემთა ელემენტები - ზოგადი ინფორმაცია
ფიქსირებული სიგრძის საკონტროლო ველი 181216s2009||||ge |||||||||||||| ||geo||
020 ## - წიგნის საერთაშორისო სტანდარტული ნომერი
International Standard Book Number 9789941014871
040 ## - კატალოგიზაციის წყარო
Transcribing agency GE_BSU
041 ## - ენის კოდი
Language code of text/sound track or separate title geo
080 ## - უნივერსალური ათობითი კლასიფიკაციის ინდექსი
Universal Decimal Classification number 371.277.2 რ–72
245 ## - ცნობა სათაურის შესახებ
Title როგორ შევადგინოთ პედაგოგიური ტესტები /
Statement of responsibility, etc საქ. განათლ. და მეცნ. სამინ., ეროვნ. სასწ. გეგმებისა და შეფასების ცენტრი ; წიგნზე მუშაობდნენ: სიმონ ჯანაშია და სხვ. ; მხატვ. ბუბა ოჩიაური
264 ## - წარმოების, გამოცემის, დისტრიბუციის და სხვა ცნობები
გამოცემის, წარმოების, დისტრიბუციის... ადგილი თბილისი,
გამოცემის, წარმოების, დისტრიბუციის... თარიღი 2009
300 ## - ფიზიკური აღწერა
Extent 83 გვ. ;
Other physical details 29 სმ.
490 ## - სერიის ცნობა
Series statement პროფესიული განათლება
504 ## - BIBLIOGRAPHY, ETC. NOTE
Bibliography, etc ტერმინთა განმარტება: გვ. 75-78. - ბიბლიოგრ.: გვ. 79-80.
653 ## - INDEX TERM--UNCONTROLLED
Uncontrolled term ტესტების შედგენა
700 ## - ADDED ENTRY--PERSONAL NAME
Personal name ჯანაშია, სიმონ
Relator term ავტორი
9 (RLIN) 1446
700 ## - ADDED ENTRY--PERSONAL NAME
Personal name ქიტიაშვილი, ანასტასია
Relator term ავტორი
9 (RLIN) 2706
700 ## - ADDED ENTRY--PERSONAL NAME
Personal name ლაბარტყავა, ნინო
Relator term ავტორი
9 (RLIN) 2707
700 ## - ADDED ENTRY--PERSONAL NAME
Personal name აბაშიძე, თამარ
Relator term ავტორი
9 (RLIN) 2708
700 ## - ADDED ENTRY--PERSONAL NAME
Personal name არუთინოვა, ლუიზა
Relator term ავტორი
9 (RLIN) 2709
700 ## - ADDED ENTRY--PERSONAL NAME
Personal name ოჩიაური, ბუბა
Relator term მხატვარი
9 (RLIN) 2710
942 ## - ADDED ENTRY ELEMENTS (KOHA)
Koha item type წიგნი
Source of classification or shelving scheme
ეგზემპლარები
ჩამოწერის სტატუსი დაკარგული ეგზემპლარის სტატუსი კლასიფიკაციის წყარო ან თაროზე გაწყობის სქემა დაზიანების სტატუსი არ გაიცემა მუდმივი მდებარეობა (დაცვის ადგილი) ამჟამინდელი ადგილსამყოფელი თაროზე განთავსების ადგილი შეძენის თარიღი სრული შენახვის შიფრი შტრიხკოდი ბოლო ოპერაციის თარიღი ეგზემპლარის მიმდევრობითი ნომერი (კეტერი?) ფასის ძალაში შესვლის თარიღი ეგზემპლარის სახეობა საჯარო შენიშვნა
          ბათუმის შოთა რუსთაველის სახელმწიფო უნივერსიტეტის მთავარი ბიბლიოთეკა ბათუმის შოთა რუსთაველის სახელმწიფო უნივერსიტეტის მთავარი ბიბლიოთეკა წიგნსაცავი 2018-12-17 371.277.2 რ–72 5076 2018-12-17 5076 2018-12-17 წიგნი